000
00330nam a2200133Ia 4500
003
GCL
008
140319s9999 xx 000 0 ara d
040
_a
GCL /
_c
GCL
082
0
4
_a
228
_b
ع ت
245
1
0
_a
التجويد وعلوم القرأن
260
_a
[S.N] :
_b
مكتبة وهبة ،
_c
1990
300
_a
110 ص
490
_a
999
_c
35593
_d
35593